| 000 | 00356nam a2200133Ia 4500 | ||
|---|---|---|---|
| 008 | 240624s9999 xx 000 0 und d | ||
| 041 | _aeng | ||
| 082 | _a658.3 BOU | ||
| 100 | _aBOUDREAU JOHN W | ||
| 245 | _aTRANSFORMATIVE HR HOW GREAT COMPANIES US | ||
| 260 |
_c2012 _aNew Delhi _bWiley India |
||
| 300 | _axxvii, : 253 : p. : cm. ; 23 | ||
| 365 |
_cRS _b30 |
||
| 999 |
_c22485 _d22485 |
||